Bevölkerungsprobleme und Berufsgliederung in Frankreich. (Record no. 23645)

MARC details
000 -LEADER
fixed length control field 00681cam a22002291 4500
001 - CONTROL NUMBER
control field g 01001086
003 - CONTROL NUMBER IDENTIFIER
control field DLC
005 - DATE AND TIME OF LATEST TRANSACTION
control field 20260227111253.0
008 - FIXED-LENGTH DATA ELEMENTS--GENERAL INFORMATION
fixed length control field 870810s1900 gw b 000 0 ger
010 ## - LIBRARY OF CONGRESS CONTROL NUMBER
LC control number g 01001086
035 ## - SYSTEM CONTROL NUMBER
System control number (OCoLC)16412896
040 ## - CATALOGING SOURCE
Original cataloging agency DLC
Transcribing agency OCoLC
Modifying agency DLC
042 ## - AUTHENTICATION CODE
Authentication code premarc
050 00 - LIBRARY OF CONGRESS CALL NUMBER
Classification number HB2683
Item number .G62
100 1# - MAIN ENTRY--PERSONAL NAME
Personal name Goldstein, Joseph M.,
Dates associated with a name 1868-
245 00 - TITLE STATEMENT
Title Bevölkerungsprobleme und Berufsgliederung in Frankreich.
Statement of responsibility, etc. Von Dr. J. Goldstein ...
260 ## - PUBLICATION, DISTRIBUTION, ETC.
Place of publication, distribution, etc. Berlin,
Name of publisher, distributor, etc. J. Guttentag,
Date of publication, distribution, etc. 1900.
300 ## - PHYSICAL DESCRIPTION
Extent vi p., 1 l., 223, [1] p.
Dimensions 22 cm.
504 ## - BIBLIOGRAPHY, ETC. NOTE
Bibliography, etc. note Bibliography: p. [215]-223.
651 #0 - SUBJECT ADDED ENTRY--GEOGRAPHIC NAME
Geographic name France
General subdivision Population.
650 #0 - SUBJECT ADDED ENTRY--TOPICAL TERM
Topical term or geographic name entry element Occupations
Geographic subdivision France.

No items available.

Powered by Koha